| 000 | 00452nam a22001817a 4500 | ||
|---|---|---|---|
| 003 | NUST - PNEC | ||
| 005 | 20170116180822.0 | ||
| 008 | 150624b xxu||||| |||| 00| 0 eng d | ||
| 020 | _a- | ||
| 040 | _cLIBRARY | ||
| 082 | _a512 MOO | ||
| 100 |
_94181 _aMoore, Gerald E. |
||
| 245 |
_aAlgebra _cGerald E. Moore |
||
| 260 |
_aNew York: _bBarnes & Noble, Inc. _cc1960. |
||
| 300 |
_a230 p. : _c20 cm. |
||
| 650 |
_94182 _aAlgebra _xME |
||
| 942 |
_2ddc _cBK |
||
| 999 |
_c63780 _d63780 |
||